000 00410nam a2200169Ia 4500
008 230524s9999 xx 000 0 und d
020 _a8174463992
082 _a4.6
_bSIN
100 _aB.D.Singh
245 0 _aIndustrial Relations and Labour Laws
250 _aIST
260 _aNEW DELHI
_bExcel Books
_c2007
300 _aXII;597
500 _aQuantity Number: 1
650 _aManagement
942 _cBK
999 _c46553
_d46553